[Event "COL Subzt 2.3.4"]
[Site "Risarald"]
[Date "2021.11.24"]
[Round "2"]
[White "Tocua, Santiago"]
[Black "Carrillo Parra, Miguel Alfredo"]
[Result "0-1"]
[WhiteElo "1908"]
[BlackElo "2167"]
[PlyCount "66"]
[EventDate "2021.11.23"]
[EventType "swiss"]
[EventRounds "9"]
[EventCountry "COL"]
[SourceTitle "CBM 205 Extra"]
[Source "ChessBase"]
[SourceDate "2022.01.31"]
[SourceVersion "1"]
[SourceVersionDate "2022.01.31"]
[SourceQuality "1"]

1. e4 e5 2. Nf3 Nc6 3. d4 exd4 4. Nxd4 Bc5 5. Nb3 Bb4+ 6. c3 Be7 7. f4 d6 8. Bd3 d5 9. e5 Nh6 10. Qc2 g6 11. 0-0 Nf5 12. Qe2 0-0 13. g4 Nh4 14. f5 Bg5 15. f6 Bxc1 16. Nxc1 Re8 17. Bb5 Rxe5 18. Qf2 g5 19. Nd3 Re4 20. h3 Bxg4 21. hxg4 Qc8 22. Nd2 Qxg4+ 23. Kh1 Re3 24. Nf4 gxf4 25. Rg1 Rh3+ 26. Qh2 Rxh2+ 27. Kxh2 Qxg1+ 28. Rxg1+ Ng6 29. Rg5 Nce5 30. Kg2 c6 31. Be2 Re8 32. c4 h6 33. Rh5 f3+ 0-1

[Event "COL-ch sf"]
[Site "Bogota"]
[Date "2020.11.15"]
[Round "7"]
[White "Tocua, Santiago"]
[Black "Malagon Guzman, Juan Daniel"]
[Result "1-0"]
[WhiteElo "1945"]
[BlackElo "1445"]
[PlyCount "37"]
[EventDate "2020.11.12"]
[EventType "swiss"]
[EventRounds "8"]
[EventCountry "COL"]
[SourceTitle "CBM 199 Extra"]
[Source "ChessBase"]
[SourceDate "2021.01.31"]
[SourceVersion "1"]
[SourceVersionDate "2021.01.31"]
[SourceQuality "1"]

1. e4 e5 2. Nf3 Nc6 3. d4 exd4 4. Nxd4 Bc5 5. Be3 Qf6 6. Nb5 Bxe3 7. fxe3 Qh4+ 8. g3 Qd8 9. Qg4 g6 10. Qf4 d6 11. Bc4 Ne5 12. 0-0 Bh3 13. N1c3 a6 14. Bxf7+ Kd7 15. Rfd1 Qf6 16. Bxg8 Qxf4 17. exf4 axb5 18. fxe5 Rhxg8 19. exd6 1-0

[Event "Bogota Navidad op"]
[Site "Bogota"]
[Date "2019.12.07"]
[Round "5"]
[White "Sanz Alonso, Francisco Javier"]
[Black "Tocua, Santiago"]
[Result "1-0"]
[WhiteElo "2356"]
[BlackElo "1967"]
[PlyCount "45"]
[EventDate "2019.12.05"]
[EventType "swiss"]
[EventRounds "7"]
[EventCountry "COL"]
[SourceTitle "CBM 193 Extra"]
[Source "ChessBase"]
[SourceDate "2020.01.31"]
[SourceVersion "1"]
[SourceVersionDate "2020.01.31"]
[SourceQuality "1"]

1. e4 c5 2. Nf3 Nc6 3. d4 cxd4 4. Nxd4 g6 5. Nc3 Bg7 6. Be3 Nf6 7. Nb3 0-0 8. Be2 d6 9. 0-0 Bd7 10. h3 a5 11. a4 Rc8 12. f4 Nb4 13. Bf3 Be6 14. Nd4 Bc4 15. Rf2 d5 16. e5 Ne8 17. Bg4 Rc7 18. Ncb5 Bxb5 19. axb5 h5 20. Bf3 Qc8 21. c3 Rxc3 22. bxc3 Qxc3 23. Qc1 1-0